000 01687nam a2200397 c 4500
999 _c56526
_d56526
003 BLK
005 20240623004010.0
008 180408b bul|||||r ||||||| ||bul||
010 _aKNG00060508000
040 _aBLK
041 _aBUL
_cBUL
080 _aБългарска литература
_b821.163.2
_x(092)
_z821.163.2(092)
080 _aБългарска литература
_b821.163.2
_x.09
_z821.163.2.09
080 _aБългарски писател и драматург, ветеринарен лекар, професор по анатомия на гръбначните животни
_b929 Димов, Димитър Тодоров
_z929 Димов, Димитър Тодоров
100 1 _aГеоргиев, Любен
_eпърви автор
_gХристов, Любен Георгиев
_9363917
139 _aГеоргиев, Любен
_bГ 37
245 1 0 _aДимитър Димов
_bМоногр.
_cЛюбен Георгиев.
257 _aBGR
260 _aСофия
_bБълг. писател
_c1981
300 _a352 с.
_c21 см
380 _a82
600 1 4 _aДимов, Димитър Тодоров
_9364841
650 0 _aПисатели, български - биографии
_9243085
650 4 _aДимов, Димитър Тодоров
_9364841
651 4 _aБългария
_9241624
653 _aДимитър Димов
653 _aбългарски писатели
653 _aбиографии
852 _aЦб 109028
856 4 _qpdf
_i0.00
_ldisable
856 4 _qpdf
_i0.00
_ldisable
942 _cKNG
_n0
_s1
944 _aCR
_c13.06.2004
_k
_lCRON CRON
944 _aED
_c11.08.2015
999 _d56526